| 000 | 00403pam a2200157a 44500 | ||
|---|---|---|---|
| 008 | 230515b1990 xxu||||| |||| 00| 0 eng d | ||
| 020 | _aNULL | ||
| 041 | _aENG | ||
| 082 | _a610.73678 | ||
| 100 | _aP W LADEWIG MARCIA L SALLY | ||
| 245 | _aESSENTIALS OF MATERN AL NEW BORN NURSING 2ND ED | ||
| 250 | _a2ND | ||
| 260 |
_aNULL _b"ADDISON WESLEY NURSING, ND," _c1990 |
||
| 300 | _a889 | ||
| 650 | _aN.D. | ||
| 999 |
_c521172 _d521172 |
||